| 000 | 00365pab a2200145 454500 | ||
|---|---|---|---|
| 008 | 180718b2000 xxu||||| |||| 00| 0 eng d | ||
| 100 | _aChadda, Maya | ||
| 245 | _aEthnicity, state and nation: differing perspectives (a review essay) | ||
| 260 | _c2000 | ||
| 300 | _ap.98-109 | ||
| 362 | _aJul | ||
| 650 | _aEthnicity | ||
| 773 | _aWorld Affairs | ||
| 909 | _a46764 | ||
| 999 |
_c46764 _d46764 |
||